[Event "FRA-chT U20 GpB 1213"]
[Site "France"]
[Date "2013.01.04"]
[Round "4"]
[White "El Archi, Jounaid"]
[Black "O'Sullivan, Thomas"]
[Result "1-0"]
[WhiteElo "1599"]
[BlackElo "1869"]
[PlyCount "73"]
[EventDate "2012.12.01"]
[EventType "team"]
[EventRounds "7"]
[EventCountry "FRA"]
[SourceTitle "EXT 2014"]
[Source "ChessBase"]
[SourceDate "2013.11.20"]
[SourceVersion "1"]
[SourceVersionDate "2013.11.20"]
[SourceQuality "1"]
[WhiteTeam "Tours (U20)"]
[BlackTeam "Villepinte (U20)"]
[WhiteTeamCountry "FRA"]
[BlackTeamCountry "FRA"]

1. d4 Nf6 2. e3 g6 3. b3 Bg7 4. Bb2 0-0 5. Bd3 c5 6. Nf3 cxd4 7. exd4 d5 8. Nbd2 Nh5 9. g3 Nc6 10. a3 Qb6 11. c3 Bg4 12. h3 Bxf3 13. Nxf3 e5 14. Be2 e4 15. Ng5 Nf6 16. h4 h6 17. Nh3 Rfe8 18. g4 e3 19. f3 Qc7 20. f4 Ne4 21. Rf1 Bf6 22. Rf3 Bxh4+ 23. Kf1 Nd2+ 24. Kg2 Nxf3 25. Bxf3 e2 26. Bxe2 Re3 27. Qf1 Rae8 28. Ng1 g5 29. Bc1 Rxc3 30. Bd2 Rc2 31. Rd1 Nxd4 32. Bd3 Ra2 33. Bb1 Rb2 34. Qd3 Qxf4 35. Kh1 Qxg4 36. Qh7+ Kf8 37. Bb4+ 1-0

[Event "FRA-chT U20 GpB 1213"]
[Site "France"]
[Date "2012.12.01"]
[Round "1"]
[White "Aghamir Alrobiai, Nizar"]
[Black "El Archi, Jounaid"]
[Result "1-0"]
[WhiteElo "1755"]
[BlackElo "1599"]
[PlyCount "117"]
[EventDate "2012.12.01"]
[EventType "team"]
[EventRounds "7"]
[EventCountry "FRA"]
[SourceTitle "EXT 2014"]
[Source "ChessBase"]
[SourceDate "2013.11.20"]
[SourceVersion "1"]
[SourceVersionDate "2013.11.20"]
[SourceQuality "1"]
[WhiteTeam "Agneaux Saint Lo (U20)"]
[BlackTeam "Tours (U20)"]
[WhiteTeamCountry "FRA"]
[BlackTeamCountry "FRA"]

1. e4 c5 2. Nf3 d6 3. Bc4 Nf6 4. e5 dxe5 5. Nxe5 e6 6. Qe2 Bd6 7. f4 Nc6 8. Nxc6 bxc6 9. d3 0-0 10. 0-0 Re8 11. Nd2 e5 12. f5 Qe7 13. Ne4 Nxe4 14. Qxe4 Qf6 15. g4 h6 16. Qxc6 Bd7 17. Qxd7 e4 18. Qxf7+ Qxf7 19. Bxf7+ Kxf7 20. Bf4 Bxf4 21. Rxf4 exd3 22. cxd3 Re2 23. Rf2 Rae8 24. Rc1 R2e5 25. Rfc2 Rc8 26. b4 Re7 27. Rxc5 Rxc5 28. Rxc5 Re2 29. Rc7+ Kf6 30. Rxa7 Rd2 31. b5 Rxd3 32. b6 Rd1+ 33. Kf2 Rb1 34. b7 Kg5 35. b8Q Rxb8 36. Rxg7+ Kf4 37. f6 Rf8 38. f7 Ke5 39. h4 Kf6 40. Rg8 Rxf7 41. h5 Ra7 42. Rg6+ Kf7 43. Rxh6 Rxa2+ 44. Kg3 Ra3+ 45. Kh4 Kg7 46. Rb6 Ra4 47. h6+ Kh7 48. Kh5 Ra1 49. Rb7+ Kh8 50. g5 Ra8 51. Rb5 Rg8 52. g6 Re8 53. Rf5 Rg8 54. Rf7 Re8 55. g7+ Kh7 56. Rf8 Rxf8 57. gxf8B Kg8 58. Ba3 Kh7 59. Bb2 1-0